00761nam a22002177a 4500003001100000005001700011008004100028020001500069040003900084041000800123082001500131100002200146130009500168245002300263260003900286300004100325490006000366650004000426650002700466650005000493LK-CoMWRAF20231211163625.0231211b2001 |||||||| |||| 00| 0 eng d a9555820090 aLK-CoMWRAFdLK-CoMWRAFeLK-CoMWRAF aeng a305.8bNES aNesiah, Devanesan aA history of ethnic conflict in Sri Lanka: recollection, reinterpretation & reconciliation a Tamil nationalism aColombo:b Marga Institute, c2001 a30 p. ; 23 cmbBibliography included aMarga monograph series on ethnic reconciliation vno. 6 aEthnic relations- Political aspects aNationalism- Sri Lanka aTamil (Indic people)- Politics and government